000 00519nam a2200193Ia 4500
005 20250423095822.0
008 250422s9999 xx 000 0 und d
020 _a9780367699468
050 _aHF 5548.8 .R54/
100 _aRiggio E. Ronald
245 0 _aIntroduction to industrial/organizational psychology
250 _a8th ed.
260 _aNew York, NY
260 _b Routledge
260 _c2022
300 _a550 p
650 _a Psychology, Industrial. Organizational change.
942 _cBK
999 _c31425
_d31425